New York Mets 2025 Roster - Statistics

General Stats
  • This quiz has been taken 235 times
  • The average score is 22 of 32
Answer Stats
Jersey # Pos Player % Correct
12 SS Francisco Lindor
97%
20 1B Pete Alonso
97%
22 RF Juan Soto
96%
1 2B Jeff McNeil
95%
65 BP Gregory Soto
94%
9 LF Brandon Nimmo
93%
7 3B Brett Baty
91%
4 C Francisco Alvarez
91%
39 BP Edwin Diaz
86%
27 3B Mark Vientos
85%
15 CF Tyrone Taylor
85%
13 C Luis Torrens
83%
2 2B Luisangel Acuna
81%
23 P David Peterson
74%
26 P Nolan McLean
72%
21 P Jonah Tong
67%
35 P Clay Holmes
62%
6 LF Starling Marte
62%
30 C Hayden Senger
60%
10 3B Ronny Mauricio
59%
28 CF Cedric Mullins
56%
40 P Brandon Sproat
55%
59 P Sean Manaea
54%
56 BP Ryan Helsley
47%
55 BP Ryne Stanek
46%
71 BP Tyler Rogers
46%
3 LF Jesse Winker
44%
29 CF Jose Siri
42%
25 BP Brooks Raley
40%
75 BP Reed Garrett
40%
38 P Tylor Megill
36%
51 BP Justin Hagenman
15%
No matching quizzes found
Score Distribution
Percent of People with Each Score
Percentile by Number Answered
Your Score History
You have not taken this quiz